| 000 | 00917cam a2200277 4500 | ||
|---|---|---|---|
| 001 | J6367 | ||
| 008 | 000000n1999 000 0 eng u | ||
| 035 | _a(Sirsi) u111085 | ||
| 041 | _aeng | ||
| 050 |
_a347.4109 _c18 |
||
| 110 |
_aLaw Society of England and Wales _91639 |
||
| 245 |
_aPACT - Professional Arbitration on Court Terms _b2nd edition - compatible with the Civil Procedure Rules |
||
| 250 | _a2nd ed. | ||
| 260 |
_aLondon _bRICS _c1999 |
||
| 300 |
_a31p. _c30cm. |
||
| 350 | _a0 | ||
| 490 | _aRICS Guidance Note | ||
| 650 | _aMANAGEMENT-DISPUTE AVOIDANCE, MANAGEMENT AND RESOLUTION-DISPUTE MANAGEMENT AND RESOLUTION-ARBITRATION | ||
| 650 | _aLANDLORD AND TENANT ACT 1954 | ||
| 650 | _aLEASE RENEWALS | ||
| 650 | _aPACT | ||
| 650 | _aPROFESSIONAL ARBITRATION ON COURT TERMS | ||
| 690 |
_aDISPUTE RESOLUTION _96236 |
||
| 710 |
_aRoyal Institution of Chartered Surveyors _94900 |
||
| 942 | _n0 | ||
| 999 |
_c101197 _d101197 |
||